000 00307nam a22001337a 4500
008 170907b xxu||||| |||| 00| 0 eng d
020 _a9780130827319
041 _aeng
080 _26TH
_a72
100 _a41
101 _aARK
245 _aCONCTRUCTION PROJECT ADMINISTRATION
_cFISK,E.R
942 _2udc
_cBK
999 _c26448
_d26448